000 01140nam a2200313 i 4500
001 69561
003 Mx-PuUPA
005 20220519174719.0
008 220518s2017 mx a|||gr|||| 00| 0 eng d
020 _a9786077490449
040 _aMx-PuUPA
_bspa
_cMx-PuUPA
_dMx-PuUPA
_erda
041 0 _aspa
100 1 _aAlonso Aguerrebere, José María,
_eautor
_912613
245 1 _aNuevo manual de orientación educativa y tutoría :
_beducación media superior /
_cJosé María Alonso Aguerrebere
250 _aPrimera edición
264 _aCiudad de México :
_bEditorial Parmenia,
_c2017
300 _a717 páginas :
_btablas ;
_c22 cm
336 _2rdacontent
_atexto
_btxt
337 _2rdamedia
_asin medio
_bn
338 _2rdacarrier
_avolumen
_bnc
490 0 _aEducare
650 7 _2armarc
_aEducación superior
_xOrientación profesional
650 7 _2armarc
_aEducación superior
_xTuroría
650 7 _2armarc
_aTutoría (Enseñanza)
942 _2ddc
_cLI
_h371.394
_iA453
999 _c69561
_d69561